University libraries for developing countries (Record no. 23253)

MARC details
000 -LEADER
fixed length control field 00281nam a2200109Ia 4500
082 ## - DEWEY DECIMAL CLASSIFICATION NUMBER
Classification number 027.7
Item number GEL
100 ## - MAIN ENTRY--AUTHOR NAME
Personal name Gelfand, M A
245 #0 - TITLE STATEMENT
Title University libraries for developing countries
260 ## - PUBLICATION, DISTRIBUTION, ETC. (IMPRINT)
Place of publication Paris
Name of publisher Unesco
Year of publication 1968
942 ## - ADDED ENTRY ELEMENTS (KOHA)
Koha item type Books
Holdings
Withdrawn status Lost status Damaged status Not for loan Home library Current library Date acquired Cost, normal purchase price Full call number Accession Number Koha item type
        RRII Library RRII Library 16/12/2021 32.00 027.7 GEL 03953 Books